MARC

LEADER 00000nam0a2200000 4500
001 373996
005 20231101050948.0
010 |a 5752500796 
020 |a RU  |b 90-49472 
035 |a (RuTPU)RU\TPU\retro\31429 
035 |a RU\TPU\book\225562 
090 |a 373996 
100 |a 20221216d1990 km y0rusy5003 ca 
101 0 |a rus 
102 |a RU 
105 |a y z 001zy 
200 1 |a Австромарксизм, позитивизм и рабочее движение  |f Д. А. Миронов, А. В. Перцев 
210 |a Свердловск  |c Изд-во Урал. ун-та  |d 1990 
215 |a 215 с.  |d 20 см 
320 |a Библиогр. в примеч. в конце глав. 
610 1 |a социал-демократия 
610 1 |a рабочее движение 
610 1 |a Австрия 
610 1 |a австрийская философия 
610 1 |a марксизм 
610 1 |a австромарксизм 
610 1 |a позитивизм 
610 1 |a история 
610 1 |a административный социализм 
610 1 |a 19 век 
610 1 |a 20 век 
686 |a Ю3(4)  |2 rubbk 
700 1 |a Миронов  |b Д. А.  |g Дмитрий Александрович  |4 070 
701 1 |a Перцев  |b А. В.  |g Александр Владимирович  |4 070 
801 0 |a RU  |b RuMRKP  |c 19950417  |g psbo 
801 1 |a RU  |b 63413507  |c 20120118 
801 2 |a RU  |b 63413507  |c 20221216  |g RCR 
942 |c BK